Lamap một phương pháp dạy học hiện đại Cơ sở lí luận và việc vận dụng trong dạy học
Saved in:
| Main Author: | |
|---|---|
| Format: | Book |
| Published: |
Hà Nội
Đại học Sư Phạm
2014
|
| Subjects: | |
| Tags: |
Add Tag
No Tags, Be the first to tag this record!
|
| Institutions: | Trung tâm Học liệu Lê Vũ Hùng, Trường Đại học Đồng Tháp |
|---|
| LEADER | 00882pam a22002898a 4500 | ||
|---|---|---|---|
| 001 | 00037297 | ||
| 005 | 20171026081023.0 | ||
| 008 | 170511s2014 ||||||Viesd | ||
| 041 | 0 | # | |a Vie |
| 082 | 1 | 4 | |a 370.7 |b L104M |
| 100 | 1 | # | |a Đỗ, Hương Trà |
| 245 | 1 | 0 | |a Lamap một phương pháp dạy học hiện đại |b Cơ sở lí luận và việc vận dụng trong dạy học |
| 260 | # | # | |a Hà Nội |c 2014 |b Đại học Sư Phạm |
| 300 | # | # | |a 248tr. |c 27 cm. |
| 653 | # | # | |a Dạy học |
| 653 | # | # | |a Phương pháp |
| 653 | # | # | |a Hiện đại |
| 852 | # | # | |b Kho mượn |j KM.0021946 |
| 852 | # | # | |j KD.0020898 |j KM.0021946 |
| 852 | # | # | |b Kho đọc |j KD.0020898 |
| 910 | |d 11/05/2017 | ||
| 980 | # | # | |a Trung tâm Học liệu Lê Vũ Hùng, Trường Đại học Đồng Tháp |